000
00322 a2200157 4500
001
68079
020
_a
9783126071420
040
_c
Anchieta - Pituba
100
_a
Fleer, Sarah
240
1
0
_a
Klasse! B1
_l
deu / ger
245
1
0
_a
Klasse! B1
300
_a
144
362
0
_a
2020
650
4
_a
Língua alemã
942
_c
BK
999
_c
68079
_d
68079